000 00213 a2200097 4500
001 14121
100 _aDuff C
245 _aHow to learn a language
260 _aOxford
_bBasic Blackwell
_c
090 _c11065
_d11065
942 _aNUST-CAE
_cM
_c1187
999 _c249194
_d249194